Normal view
MARC view
- Three-dimensional display systems.
Entry Topical Term
001 - CONTROL NUMBER
- control field: 3207
003 - CONTROL NUMBER IDENTIFIER
- control field: NUST
005 - DATE AND TIME OF LATEST TRANSACTION
- control field: 20170711104736.0
008 - FIXED-LENGTH DATA ELEMENTS
- fixed length control field: 170711|| aca||aabn | a|a d
040 ## - CATALOGING SOURCE
- Original cataloging agency: NUST
- Transcribing agency: NUST
150 ## - HEADING--TOPICAL TERM
- Topical term or geographic name entry element: Three-dimensional display systems.
670 ## - SOURCE DATA FOUND
- Source citation: Work cat.: (NUST)0: Lichtenbelt, Barthold. 3205, Introduction to volume rendering , c1998.
